Historia del Ecuador

Salvato in:
Dettagli Bibliografici
Autore principale: Jaramillo Pérez, César (Autore)
Natura: Libro
Lingua:spagnolo
Pubblicazione: Quito Universitaria 1965
Edizione:3a. ed
Soggetti:
Tags: Aggiungi Tag
Nessun Tag, puoi essere il primo ad aggiungerne!!

MARC

LEADER 00000nam a2200000 a 4500
001 UCO3746
003 CL-VaPUC
008 000720e19650000EC |||||||||||||||||spa|d
082 0 4 |a 986.6  |b JAR  |2 21 
100 0 |a Jaramillo Pérez, César  |e author  |9 447639 
245 1 0 |a Historia del Ecuador 
250 |a 3a. ed 
300 |a 365 p 
942 |c BK 
945 |d 20000720 00:00:00  |a crobeson 
260 |a Quito  |b Universitaria  |c 1965 
650 7 |a HISTORIA DE ECUADOR  |2 CL-VaPUC  |9 447636 
650 0 |a Enseñanza de la historia   |9 307330 
651 0 |a Ecuador  |9 258378 
583 |a last modification  |c 20000720 00:00:00  |k Rodrigo Vera 
999 |c 289878  |d 289876 
952 |0 0  |1 0  |4 0  |6 986_600000000000000_JAR_1965  |7 0  |8 A  |9 338782  |a BIBHIS  |b BIBHIS  |d 2019-11-20  |i 1200291  |o 986.6 JAR 1965  |p 1200291  |r 2025-01-20  |w 2019-11-20  |y BK  |k HIS